Evaluacion de dicecinueve accesiones de Leucaena leucocephala basada en la calidad nutritiva del forraje (Registro nro. 492996)

Detalles MARC
001 - NÚMERO DE CONTROL
campo de control 1132773
005 - FECHA Y HORA DE LA ÚLTIMA TRANSACCIÓN
campo de control 20250312102921.0
008 - DATOS DE LONGITUD FIJA--INFORMACIÓN GENERAL
campo de control de longitud fija 090320s2008 spa
035 ## - NÚMERO DE CONTROL DEL SISTEMA
Número de control de sistema 1132773
035 ## - NÚMERO DE CONTROL DEL SISTEMA
Número de control de sistema (OCoLC)820460890
040 ## - FUENTE DE LA CATALOGACIÓN
Centro/agencia transcriptor comduadb
041 ## - CÓDIGO DE LENGUA
Código de lengua del texto/banda sonora o título independiente spa
100 10 - ENTRADA PRINCIPAL--NOMBRE DE PERSONA
Nombre de persona Garcia, Danny E.
Código de función aut
Término indicativo de función/relación Autor/a
9 (RLIN) 432225
245 10 - MENCIÓN DE TÍTULO
Título Evaluacion de dicecinueve accesiones de Leucaena leucocephala basada en la calidad nutritiva del forraje
260 ## - PUBLICACIÓN, DISTRIBUCIÓN, ETC.
Fecha de publicación, distribución, etc. 2008.
650 ## - PUNTO DE ACCESO ADICIONAL DE MATERIA--TÉRMINO DE MATERIA
Término de materia o nombre geográfico como elemento de entrada Acacia: Leucaena leucocephala
9 (RLIN) 40387
650 ## - PUNTO DE ACCESO ADICIONAL DE MATERIA--TÉRMINO DE MATERIA
Término de materia o nombre geográfico como elemento de entrada Composición química
9 (RLIN) 19636
650 ## - PUNTO DE ACCESO ADICIONAL DE MATERIA--TÉRMINO DE MATERIA
Término de materia o nombre geográfico como elemento de entrada Valor nutricional
9 (RLIN) 53044
650 ## - PUNTO DE ACCESO ADICIONAL DE MATERIA--TÉRMINO DE MATERIA
Término de materia o nombre geográfico como elemento de entrada Forrajes
9 (RLIN) 22782
650 ## - PUNTO DE ACCESO ADICIONAL DE MATERIA--TÉRMINO DE MATERIA
Término de materia o nombre geográfico como elemento de entrada Metabólitos secundarios
9 (RLIN) 130377
650 #7 - PUNTO DE ACCESO ADICIONAL DE MATERIA--TÉRMINO DE MATERIA
Término de materia o nombre geográfico como elemento de entrada Taninos
Fuente del encabezamiento o término lemb
9 (RLIN) 149604
700 10 - ENTRADA AGREGADA--NOMBRE PERSONAL
Nombre de persona Wencomo, Hilda B.
Código de función aut
Término indicativo de función/relación Autor/a
9 (RLIN) 569214
700 10 - ENTRADA AGREGADA--NOMBRE PERSONAL
Nombre de persona Gonzalez, Miriam E.
Código de función aut
Término indicativo de función/relación Autor/a
9 (RLIN) 569215
700 10 - ENTRADA AGREGADA--NOMBRE PERSONAL
Nombre de persona Medina, Maria G.
Código de función aut
Término indicativo de función/relación Autor/a
9 (RLIN) 432070
700 10 - ENTRADA AGREGADA--NOMBRE PERSONAL
Nombre de persona Cova O., Luis J.
Código de función aut
Término indicativo de función/relación Autor/a
9 (RLIN) 437369
700 10 - ENTRADA AGREGADA--NOMBRE PERSONAL
Nombre de persona Spengler, Iraida
Código de función aut
Término indicativo de función/relación Autor/a
9 (RLIN) 559835
773 0# - ENLACE AL DOCUMENTO FUENTE/ENTRADA DE REGISTRO ANFITRIÓN
Título Zootecnia Tropical (Maracay)
Parte(s) relacionada(s) Vol. 26, No. 01, Ene.-Mar. 2008, 9-18
Número de control del registro 358508
Número Internacional Normalizado para Publicaciones Seriadas 0798-7269
Número bibliográfico anfitrión 110375
942 ## - ELEMENTOS DE ENTRADA AGREGADA (KOHA)
Tipo de ítem Koha Artículo de Revista

No hay ítems disponibles.